Statistiques concernant Les Grand Prix de F1 en 2024 (image)

Cliquez ici pour prendre le quiz!

Statistiques générales

  • Ce quiz a été pris 168 fois
  • Le résultat moyen est 17 sur 24

Statistiques - réponses

Réponse% Correct
Monaco
93%
Belgique
84%
États-Unis
79%
Bahreïn
78%
Arabie Saoudite
77%
États-Unis
77%
Autriche
74%
Canada
71%
Espagne
71%
Italie
71%
Singapour
71%
Australie
70%
Émirats Arabes Unis
70%
Chine
69%
États-Unis
69%
Japon
68%
Qatar
68%
Italie
67%
Brésil
66%
Mexique
65%
Grande-Bretagne
64%
Hongrie
64%
Azerbaïdjan
62%
Pays-Bas
61%

Distribution des résultats

Percentile par nombre de réponses

% des personnes avec chaque résultat

Votre développement - résultats

Vous n’avez pas pris ce quiz